[Event "Winnipeg Tuesday Night op"]
[Site "Winnipeg CAN"]
[Date "1999.04.17"]
[Round "4"]
[White "Baragar, Fletcher"]
[Black "Burstow, John"]
[Result "0-1"]
[WhiteElo "2310"]
[BlackElo "2280"]
[PlyCount "72"]
[GameId "2160767911805184"]
[EventDate "1999.04.17"]
[EventType "swiss (rapid)"]
[EventRounds "5"]
[EventCountry "CAN"]
[SourceTitle "EXT 2001"]
[Source "ChessBase"]
[SourceDate "2000.11.22"]
[SourceVersion "1"]
[SourceVersionDate "2000.11.22"]
[SourceQuality "1"]

1. d4 Nf6 2. c4 g6 3. Nc3 d5 4. Nf3 Bg7 5. Qb3 dxc4 6. Qxc4 O-O 7. e4 Na6 8. Be2 c5 9. d5 e6 10. O-O exd5 11. exd5 Re8 12. Bg5 Qb6 13. Rad1 Bf5 14. Rd2 h6 15. Bh4 Qb4 16. a3 Qxc4 17. Bxc4 Nc7 18. Bg3 Rac8 19. d6 Na8 20. Ne5 Rf8 21. Bd5 Rb8 22. Re1 Nb6 23. Bxf7+ Rxf7 24. Nxf7 Kxf7 25. Re7+ Kf8 26. Be5 Nc4 27. Re2 Rd8 28. Bxf6 Bxf6 29. Nd5 Bxb2 30. Rxb7 Be5 31. f4 Bd4+ 32. Kh1 Nxd6 33. Rxa7 Ne4 34. g4 Nf2+ 35. Kg2 Bxg4 36. Ne7 Bh3+ 0-1

[Event "Winnipeg op"]
[Site "Winnipeg CAN"]
[Date "1999.06.25"]
[Round "1"]
[White "Gushuliak, Justin"]
[Black "Gannon, Keith"]
[Result "1/2-1/2"]
[WhiteElo "2055"]
[BlackElo "1666"]
[PlyCount "71"]
[GameId "2160767911743253"]
[EventDate "1999.06.25"]
[EventType "swiss"]
[EventRounds "5"]
[EventCountry "CAN"]

1. e4 e5 2. Nf3 d6 3. d4 exd4 4. Nxd4 Nf6 5. Nc3 Be7 6. Be3 Bd7 7. f3 a6 8. g4 h6 9. Qd2 Nc6 10. Nf5 Bxf5 11. gxf5 Qd7 12. O-O-O O-O-O 13. Bh3 g5 14. f4 g4 15. Bg2 h5 16. Qe2 Qe8 17. e5 dxe5 18. fxe5 Rxd1+ 19. Rxd1 Nxe5 20. Bf4 Bd6 21. Ne4 Nd3+ 22. Qxd3 Bxf4+ 23. Kb1 Nxe4 24. Bxe4 Bxh2 25. Qd4 c6 26. Bxc6 bxc6 27. Qa7 h4 28. a4 h3 29. a5 Bc7 30. Qa8+ Bb8 31. Qxa6+ Kc7 32. Qb6+ Kc8 33. Qa6+ Kc7 34. Qb6+ Kc8 35. Qa6+ Kc7 36. Qb6+ 1/2-1/2

[Event "Winnipeg op"]
[Site "Winnipeg CAN"]
[Date "1999.06.25"]
[Round "1"]
[White "Lafreniere, Adrian"]
[Black "Repa, Jason"]
[Result "0-1"]
[WhiteElo "1667"]
[BlackElo "1922"]
[PlyCount "56"]
[GameId "2160767911743254"]
[EventDate "1999.06.25"]
[EventType "swiss"]
[EventRounds "5"]
[EventCountry "CAN"]

1. Nc3 e6 2. g3 d5 3. d3 Nf6 4. Bg2 Bb4 5. Bd2 O-O 6. Nf3 c5 7. a3 Ba5 8. O-O Nc6 9. e3 Re8 10. Re1 a6 11. Ne2 b5 12. Bxa5 Qxa5 13. c3 Qc7 14. Rc1 Bb7 15. Qd2 Rad8 16. Qc2 e5 17. Nd2 c4 18. dxc4 dxc4 19. Rcd1 Na5 20. Nc1 Bxg2 21. Kxg2 Qc6+ 22. Kg1 Nb7 23. Ne2 Nc5 24. Nc1 Nd3 25. Nxd3 Rxd3 26. f3 Red8 27. Kf2 Qd7 28. g4 Rxd2+ 0-1

[Event "Winnipeg op"]
[Site "Winnipeg CAN"]
[Date "1999.06.25"]
[Round "1"]
[White "Sadov, Sergey"]
[Black "Trueman, Francis"]
[Result "1-0"]
[WhiteElo "2060"]
[BlackElo "1435"]
[PlyCount "46"]
[GameId "2160767911743255"]
[EventDate "1999.06.25"]
[EventType "swiss"]
[EventRounds "5"]
[EventCountry "CAN"]

1. e4 c6 2. d4 d5 3. Nc3 dxe4 4. Nxe4 Nd7 5. Nf3 Ngf6 6. Ng3 e6 7. Bd3 Bd6 8. O-O O-O 9. Qe2 c5 10. c3 cxd4 11. Nxd4 a6 12. Nxe6 Qb6 13. Be3 Qc6 14. Nxf8 Kxf8 15. Rad1 Ne5 16. Bd4 Neg4 17. h3 Bxg3 18. fxg3 Bd7 19. Qf3 Qd6 20. Qf4 Qc6 21. hxg4 Qd5 22. Bc2 Nxg4 23. Bb3 Qf5 1-0

[Event "Winnipeg op"]
[Site "Winnipeg CAN"]
[Date "1999.06.25"]
[Round "1"]
[White "Xia, Yanchong"]
[Black "Baragar, Fletcher"]
[Result "0-1"]
[WhiteElo "1696"]
[BlackElo "2264"]
[PlyCount "46"]
[GameId "2160767911743256"]
[EventDate "1999.06.25"]
[EventType "swiss"]
[EventRounds "5"]
[EventCountry "CAN"]

1. e4 e6 2. d4 d5 3. e5 c5 4. c3 Nc6 5. Nf3 Bd7 6. Be2 Nge7 7. O-O Rc8 8. a3 Ng6 9. b4 cxd4 10. cxd4 b5 11. Be3 a5 12. Qb3 axb4 13. axb4 Be7 14. Na3 Nxb4 15. Rfc1 Rc4 16. Nxc4 dxc4 17. Bxc4 bxc4 18. Qxc4 O-O 19. Ra7 Bc6 20. Ne1 Qb8 21. Rxe7 Nxe7 22. Rb1 Ned5 23. Nd3 Bb5 0-1

[Event "Winnipeg op"]
[Site "Winnipeg CAN"]
[Date "1999.06.26"]
[Round "2"]
[White "Baragar, Fletcher"]
[Black "Repa, Jason"]
[Result "1-0"]
[WhiteElo "2264"]
[BlackElo "1922"]
[PlyCount "47"]
[GameId "2160767911743257"]
[EventDate "1999.06.25"]
[EventType "swiss"]
[EventRounds "5"]
[EventCountry "CAN"]

1. d4 f5 2. g3 Nf6 3. Bg2 g6 4. Nf3 Bg7 5. O-O O-O 6. b3 d6 7. Bb2 Na6 8. c4 c6 9. Nc3 Ne4 10. Rc1 Bd7 11. Qd3 Nxc3 12. Bxc3 e6 13. b4 Nc7 14. a4 a5 15. bxa5 Na6 16. Rb1 Qc7 17. Rb6 c5 18. Ng5 Rfb8 19. Rfb1 Ra7 20. Qe3 cxd4 21. Bxd4 e5 22. Bd5+ Kf8 23. Nxh7+ Ke7 24. Qg5+ 1-0

[Event "Winnipeg op"]
[Site "Winnipeg CAN"]
[Date "1999.06.26"]
[Round "2"]
[White "Gannon, Keith"]
[Black "Xia, Yanchong"]
[Result "0-1"]
[WhiteElo "1666"]
[BlackElo "1696"]
[PlyCount "80"]
[GameId "2160767911743258"]
[EventDate "1999.06.25"]
[EventType "swiss"]
[EventRounds "5"]
[EventCountry "CAN"]

1. e4 c5 2. Nf3 Nc6 3. c3 Nf6 4. d3 d6 5. Be2 g6 6. O-O Bg7 7. Nbd2 O-O 8. Re1 Bd7 9. Nf1 b5 10. a3 a5 11. Bd2 b4 12. axb4 axb4 13. Rxa8 Qxa8 14. cxb4 Nxb4 15. Bc3 Ba4 16. b3 Bc6 17. Ne3 Rb8 18. Nc2 Qa2 19. Nxb4 cxb4 20. Ba1 Rc8 21. Bf1 Bb5 22. Re2 Qa6 23. Ne1 Qa3 24. Bb2 Qa7 25. Rc2 Rxc2 26. Qxc2 Qc5 27. h3 Nd7 28. Bxg7 Kxg7 29. Qb2+ Qc3 30. Qxc3+ bxc3 31. Be2 Nc5 32. b4 Na6 33. Nc2 Ba4 34. d4 Bxc2 35. Bxa6 Bxe4 36. b5 c2 37. b6 c1=Q+ 38. Kh2 Qb2 39. b7 Bxb7 40. Bxb7 Qxb7 0-1

[Event "Winnipeg op"]
[Site "Winnipeg CAN"]
[Date "1999.06.26"]
[Round "2"]
[White "Herkert, Dean"]
[Black "Gushuliak, Justin"]
[Result "0-1"]
[WhiteElo "1824"]
[BlackElo "2055"]
[PlyCount "50"]
[GameId "2160767911743259"]
[EventDate "1999.06.25"]
[EventType "swiss"]
[EventRounds "5"]
[EventCountry "CAN"]

1. f4 g6 2. e4 c5 3. Bc4 Bg7 4. Nc3 Nc6 5. Nf3 e6 6. Bb3 Nge7 7. O-O O-O 8. d3 Nd4 9. e5 d5 10. Bd2 f6 11. exf6 Bxf6 12. Kh1 Qc7 13. Qe1 Bd7 14. Ne5 Bxe5 15. Qxe5 Qxe5 16. fxe5 Nec6 17. Bf4 Rf7 18. Rf2 Raf8 19. Raf1 Nxe5 20. Kg1 Ng4 21. Bd6 Rxf2 22. Rxf2 Rxf2 23. Bxc5 Ne2+ 24. Nxe2 Rxe2 25. Kf1 Re5 0-1

[Event "Winnipeg op"]
[Site "Winnipeg CAN"]
[Date "1999.06.26"]
[Round "2"]
[White "Lukic, Luka"]
[Black "Sadov, Sergey"]
[Result "0-1"]
[WhiteElo "1906"]
[BlackElo "2060"]
[PlyCount "160"]
[GameId "2160767911743260"]
[EventDate "1999.06.25"]
[EventType "swiss"]
[EventRounds "5"]
[EventCountry "CAN"]

1. d4 d5 2. c4 dxc4 3. Nf3 Nf6 4. Nc3 e6 5. e3 a6 6. a4 c5 7. Bxc4 Nbd7 8. O-O Be7 9. Qe2 Qc7 10. Rd1 O-O 11. Bd2 Re8 12. a5 h6 13. Na4 Ne4 14. Be1 cxd4 15. exd4 Nd6 16. Bd3 Qd8 17. Ne5 Rb8 18. Rac1 Nf6 19. Nc5 Nf5 20. Nb3 Bd7 21. g4 Ba4 22. gxf5 Bxb3 23. Bc2 Bxc2 24. Qxc2 Rc8 25. Qb3 Qd5 26. Qxd5 Nxd5 27. fxe6 fxe6 28. Nd7 Nf4 29. Kf1 Red8 30. Rxc8 Rxc8 31. Bd2 Nd5 32. Nc5 Bxc5 33. Rc1 Rc6 34. dxc5 Kf7 35. b4 g5 36. Rc4 Kg6 37. h4 Kf5 38. f3 Nf4 39. Rd4 e5 40. Rd7 gxh4 41. Bxf4 Kxf4 42. Kf2 Rg6 43. Rf7+ Kg5 44. Rd7 Kh5 45. Rd5 Rg5 46. Rd1 h3 47. Rg1 Rf5 48. Rg4 h2 49. Kg2 Rxf3 50. Re4 Rf5 51. Kxh2 Kg5 52. Rc4 Rf2+ 53. Kg3 Rb2 54. c6 bxc6 55. Rxc6 Rxb4 56. Rxa6 h5 57. Ra8 h4+ 58. Kh3 Rb3+ 59. Kh2 Rb2+ 60. Kh3 Ra2 61. a6 Ra3+ 62. Kh2 Kg4 63. Rg8+ Kf3 64. Ra8 Ke4 65. a7 h3 66. Kh1 Ra2 67. Kg1 Rg2+ 68. Kh1 Rg7 69. Kh2 Rh7 70. Kh1 Rf7 71. Kh2 Rh7 72. Kh1 h2 73. Rb8 Rxa7 74. Kxh2 Rg7 75. Rb4+ Kf3 76. Rb8 e4 77. Rh8 e3 78. Rh3+ Ke2 79. Rh8 Ke1 80. Re8 e2 0-1

[Event "Winnipeg op"]
[Site "Winnipeg CAN"]
[Date "1999.06.26"]
[Round "3"]
[White "Gushuliak, Justin"]
[Black "Lukic, Luka"]
[Result "1-0"]
[WhiteElo "2055"]
[BlackElo "1906"]
[PlyCount "83"]
[GameId "2160767911743261"]
[EventDate "1999.06.25"]
[EventType "swiss"]
[EventRounds "5"]
[EventCountry "CAN"]

1. e4 e5 2. Nf3 Nc6 3. Bb5 Nf6 4. O-O Bc5 5. Re1 O-O 6. d3 d6 7. h3 Ne7 8. c3 c6 9. Ba4 Ng6 10. d4 exd4 11. cxd4 Bb4 12. Nc3 Re8 13. Bb3 Bxc3 14. bxc3 Nxe4 15. Bxf7+ Kxf7 16. Rxe4 Rxe4 17. Ng5+ Kg8 18. Nxe4 d5 19. Bg5 Qa5 20. Qb3 Qb6 21. Nd6 Qxb3 22. axb3 h6 23. Bd2 Ne7 24. Re1 Kf8 25. Re3 b5 26. Rf3+ Kg8 27. Rf7 Ng6 28. Rc7 Be6 29. Rxc6 a6 30. Nb7 Bf7 31. b4 Ra7 32. Rb6 Nf8 33. Nc5 a5 34. Rxb5 a4 35. Ra5 Rxa5 36. bxa5 a3 37. a6 a2 38. Nb3 Nd7 39. Bc1 Kf8 40. Ba3+ Ke8 41. Bc5 Nxc5 42. a7 1-0

[Event "Winnipeg op"]
[Site "Winnipeg CAN"]
[Date "1999.06.26"]
[Round "3"]
[White "Lafreniere, Adrian"]
[Black "Gannon, Keith"]
[Result "1-0"]
[WhiteElo "1661"]
[BlackElo "1666"]
[PlyCount "69"]
[GameId "2160767911743262"]
[EventDate "1999.06.25"]
[EventType "swiss"]
[EventRounds "5"]
[EventCountry "CAN"]

1. d4 d5 2. e3 e6 3. c4 Nf6 4. Nc3 Be7 5. Nf3 O-O 6. Be2 dxc4 7. Bxc4 c5 8. O-O cxd4 9. Nxd4 a6 10. Qc2 Qc7 11. b3 Bb4 12. Bb2 Nc6 13. Nxc6 Qxc6 14. Rac1 b5 15. Bd3 Bb7 16. f3 Rac8 17. Qb1 Qb6 18. Nd1 Rxc1 19. Bxc1 Rd8 20. Kh1 Qd6 21. Nf2 Ba3 22. Rd1 Qe7 23. Bxa3 Qc7 24. Qc2 Qxc2 25. Bxc2 Rxd1+ 26. Nxd1 a5 27. Bb2 Ne8 28. Kg1 b4 29. Bd4 Nd6 30. Bb6 Nb5 31. Bxa5 Nc3 32. Nxc3 bxc3 33. Bxc3 h6 34. Kf2 h5 35. a4 1-0

[Event "Winnipeg op"]
[Site "Winnipeg CAN"]
[Date "1999.06.26"]
[Round "3"]
[White "Medes, Bartek"]
[Black "Herkert, Dean"]
[Result "1/2-1/2"]
[WhiteElo "1580"]
[BlackElo "1824"]
[PlyCount "55"]
[GameId "2160767911743263"]
[EventDate "1999.06.25"]
[EventType "swiss"]
[EventRounds "5"]
[EventCountry "CAN"]

1. d4 f5 2. c4 Nf6 3. g3 g6 4. Bg2 Bg7 5. b3 c5 6. Bb2 Qa5+ 7. Qd2 Qxd2+ 8. Nxd2 Nc6 9. Bxc6 bxc6 10. dxc5 O-O 11. Ngf3 Ba6 12. O-O Rab8 13. Rab1 Rb7 14. Rfe1 Bh6 15. e4 fxe4 16. Bxf6 Rxf6 17. Rxe4 d5 18. cxd6 Rxd6 19. Nf1 Rbd7 20. Ne3 Bb7 21. Ng4 c5 22. Nxh6+ Kg7 23. Re3 Kxh6 24. Rbe1 Rf6 25. Ne5 Rd4 26. Rd3 Rxd3 27. Nxd3 Rd6 28. Nxc5 1/2-1/2

[Event "Winnipeg op"]
[Site "Winnipeg CAN"]
[Date "1999.06.26"]
[Round "3"]
[White "Repa, Jason"]
[Black "Xia, Yanchong"]
[Result "1-0"]
[WhiteElo "1922"]
[BlackElo "1696"]
[PlyCount "37"]
[GameId "2160767911743264"]
[EventDate "1999.06.25"]
[EventType "swiss"]
[EventRounds "5"]
[EventCountry "CAN"]

1. f4 d5 2. b3 Nf6 3. Nf3 g6 4. Bb2 Bg7 5. e3 O-O 6. Be2 c5 7. O-O Nc6 8. d3 Qb6 9. Ne5 c4 10. Nxc6 Qxe3+ 11. Kh1 bxc6 12. dxc4 d4 13. Bxd4 Qe4 14. Nc3 Qe6 15. Be5 Bb7 16. Bf3 Rfd8 17. Qe2 Qf5 18. Rad1 Ne8 19. Bg4 1-0

[Event "Winnipeg op"]
[Site "Winnipeg CAN"]
[Date "1999.06.26"]
[Round "3"]
[White "Sadov, Sergey"]
[Black "Baragar, Fletcher"]
[Result "0-1"]
[WhiteElo "2060"]
[BlackElo "2264"]
[PlyCount "100"]
[GameId "2160767911743265"]
[EventDate "1999.06.25"]
[EventType "swiss"]
[EventRounds "5"]
[EventCountry "CAN"]

1. e4 c5 2. Nf3 Nc6 3. d4 cxd4 4. Nxd4 Nf6 5. Nc3 d6 6. Be2 e6 7. Be3 Be7 8. O-O O-O 9. a4 a6 10. Qd2 Qc7 11. Rfc1 Bd7 12. f3 Rfe8 13. Nxc6 Bxc6 14. b4 d5 15. b5 Bd7 16. Rcb1 Rec8 17. Rb3 axb5 18. Nxb5 Bxb5 19. Rxb5 dxe4 20. c4 exf3 21. gxf3 Nd7 22. Kh1 Bc5 23. Bf4 e5 24. Bg3 b6 25. Qc2 Qc6 26. Rd1 Bd4 27. Be1 Nf8 28. Qb3 Ne6 29. Bd2 Nc5 30. Qc2 Rxa4 31. Bb4 Rca8 32. Bxc5 Bxc5 33. Rb3 g6 34. Qd3 Bd4 35. Bf1 Ra1 36. Rbb1 R8a3 37. Rb3 Rxd1 38. Qxd1 Qa4 39. Rd3 Qxd1 40. Rxd1 Rxf3 41. Bg2 Ra3 42. Bd5 Ra1 43. Rxa1 Bxa1 44. h4 Kg7 45. Kg2 h5 46. Kf3 f5 47. Kg3 Bc3 48. Bf3 Be1+ 49. Kh3 e4 50. Be2 f4 0-1

[Event "Winnipeg op"]
[Site "Winnipeg CAN"]
[Date "1999.06.27"]
[Round "4"]
[White "Baragar, Fletcher"]
[Black "Gushuliak, Justin"]
[Result "1-0"]
[WhiteElo "2264"]
[BlackElo "2055"]
[PlyCount "63"]
[GameId "2160767911743266"]
[EventDate "1999.06.25"]
[EventType "swiss"]
[EventRounds "5"]
[EventCountry "CAN"]

1. d4 Nf6 2. c4 c5 3. d5 b5 4. cxb5 a6 5. bxa6 Bxa6 6. Nc3 d6 7. e4 Bxf1 8. Kxf1 g6 9. g3 Bg7 10. Kg2 Nbd7 11. Nf3 O-O 12. Re1 Qa5 13. e5 Ng4 14. exd6 exd6 15. Bf4 Nge5 16. Bxe5 Nxe5 17. Nxe5 Bxe5 18. Rc1 Bxc3 19. bxc3 Qxa2 20. Rc2 Qc4 21. Qf3 Rfe8 22. Rce2 Kf8 23. Re4 Rxe4 24. Rxe4 Qa6 25. Qf6 Kg8 26. Re7 Rf8 27. Rd7 Qc4 28. Rxd6 Qe4+ 29. Qf3 Qxf3+ 30. Kxf3 Rc8 31. Rc6 Rd8 32. Rxc5 1-0

[Event "Winnipeg op"]
[Site "Winnipeg CAN"]
[Date "1999.06.27"]
[Round "4"]
[White "Herkert, Dean"]
[Black "Lafreniere, Adrian"]
[Result "0-1"]
[WhiteElo "1824"]
[BlackElo "1661"]
[PlyCount "74"]
[GameId "2160767911743267"]
[EventDate "1999.06.25"]
[EventType "swiss"]
[EventRounds "5"]
[EventCountry "CAN"]

1. f4 d5 2. e3 Nc6 3. Nf3 g6 4. Bb5 Bd7 5. Nc3 e6 6. b3 Bg7 7. d4 f5 8. O-O Nf6 9. Bxc6 Bxc6 10. Ne5 Qd6 11. a4 a6 12. Ba3 Qd8 13. Nxc6 bxc6 14. a5 Nd7 15. Na4 Bf8 16. Nc5 Nxc5 17. Bxc5 Bxc5 18. dxc5 Qe7 19. Qd4 O-O 20. Ra4 Rfb8 21. Rb4 Rb5 22. Rxb5 cxb5 23. b4 c6 24. Qe5 Rd8 25. c3 Kf7 26. h3 h5 27. Rf2 Ke8 28. g3 Kd7 29. Kg2 Rg8 30. g4 h4 31. Kf3 Ke8 32. gxf5 exf5 33. Qb8+ Kf7 34. Qb6 Re8 35. Qxc6 Qxe3+ 36. Kg2 Qg3+ 37. Kh1 Qxh3+ 0-1

[Event "Winnipeg op"]
[Site "Winnipeg CAN"]
[Date "1999.06.27"]
[Round "4"]
[White "Repa, Jason"]
[Black "Sadov, Sergey"]
[Result "0-1"]
[WhiteElo "1922"]
[BlackElo "2060"]
[PlyCount "56"]
[GameId "2160767911743268"]
[EventDate "1999.06.25"]
[EventType "swiss"]
[EventRounds "5"]
[EventCountry "CAN"]

1. f4 d5 2. b3 Nf6 3. Nf3 Bg4 4. e3 e6 5. Bb2 Nbd7 6. Be2 Bxf3 7. Bxf3 c6 8. O-O Bd6 9. d4 Qc7 10. Na3 h5 11. c4 b6 12. Rc1 g5 13. Nb5 cxb5 14. cxd5 Qd8 15. dxe6 fxe6 16. fxg5 Ng4 17. h3 Qxg5 18. Qe1 Rd8 19. Rc6 Nb8 20. Rxd6 Rxd6 21. Qg3 Qxe3+ 22. Kh1 Kd7 23. d5 Re8 24. hxg4 Rxd5 25. Qh3 hxg4 26. Qxg4 Re7 27. g3 Rh7+ 28. Kg2 Rd2+ 0-1

[Event "Winnipeg op"]
[Site "Winnipeg CAN"]
[Date "1999.06.27"]
[Round "4"]
[White "Xia, Yanchong"]
[Black "Medes, Bartek"]
[Result "1-0"]
[WhiteElo "1696"]
[BlackElo "1580"]
[PlyCount "44"]
[GameId "2160767911743269"]
[EventDate "1999.06.25"]
[EventType "swiss"]
[EventRounds "5"]
[EventCountry "CAN"]

1. e4 c5 2. Nf3 d6 3. d4 cxd4 4. Nxd4 Nf6 5. Nc3 a6 6. Bg5 e6 7. Bd3 Be7 8. O-O Qc7 9. f4 Qb6 10. Kh1 Qxb2 11. Qe1 Qb6 12. Nb3 Qd8 13. Rc1 Nbd7 14. Qh4 h6 15. Rf3 Rg8 16. Rcf1 Rf8 17. Nd4 hxg5 18. fxg5 Ng8 19. Nxe6 Bxg5 20. Nxg7+ Ke7 21. Qxg5+ f6 22. Nf5+ Ke6 1-0

[Event "Winnipeg op"]
[Site "Winnipeg CAN"]
[Date "1999.06.27"]
[Round "5"]
[White "Lafreniere, Adrian"]
[Black "Baragar, Fletcher"]
[Result "0-1"]
[WhiteElo "1661"]
[BlackElo "2264"]
[PlyCount "48"]
[GameId "2160767911743270"]
[EventDate "1999.06.25"]
[EventType "swiss"]
[EventRounds "5"]
[EventCountry "CAN"]

1. e4 e6 2. Nf3 d5 3. exd5 exd5 4. b3 Nf6 5. Bb2 Bd6 6. Bd3 O-O 7. O-O Bg4 8. Be2 Re8 9. Nc3 d4 10. Nb5 c5 11. Nxd6 Qxd6 12. d3 Qe6 13. Re1 Nc6 14. Qd2 h6 15. h3 Bh5 16. c3 Qd6 17. cxd4 cxd4 18. Rac1 Re6 19. Rc4 Rae8 20. Nxd4 Nxd4 21. Rxd4 Qe7 22. g4 Bg6 23. Kf1 Nh7 24. Qf4 Rxe2 0-1

[Event "Winnipeg op"]
[Site "Winnipeg CAN"]
[Date "1999.06.27"]
[Round "5"]
[White "Lukic, Luka"]
[Black "Repa, Jason"]
[Result "1-0"]
[WhiteElo "1906"]
[BlackElo "1922"]
[PlyCount "123"]
[GameId "2160767911743271"]
[EventDate "1999.06.25"]
[EventType "swiss"]
[EventRounds "5"]
[EventCountry "CAN"]

1. e4 e6 2. d4 d5 3. exd5 exd5 4. Bd3 Bd6 5. Nc3 Ne7 6. Bg5 f6 7. Bh4 Nbc6 8. Nge2 Nb4 9. Bb5+ c6 10. Ba4 b5 11. Bb3 Bf5 12. a3 Na6 13. Bg3 Nc7 14. Bxd6 Qxd6 15. Ng3 Ne6 16. O-O Qf4 17. Nce2 Qg5 18. Qc1 Qxc1 19. Raxc1 Kf7 20. Nxf5 Nxf5 21. c3 Rhe8 22. Rfe1 Nd6 23. Kf1 Nc4 24. Rc2 Ng5 25. Nc1 Ne4 26. Rce2 Ned6 27. Nd3 a5 28. g3 Rxe2 29. Rxe2 Rb8 30. Bd1 Ne4 31. Ke1 Re8 32. f3 Ned6 33. Rxe8 Kxe8 34. Ke2 Ke7 35. a4 b4 36. b3 Na3 37. cxb4 Nf5 38. bxa5 Nxd4+ 39. Ke1 Kd6 40. a6 Kc7 41. Nc5 Kb6 42. a5+ Ka7 43. Kd2 Nf5 44. Kd3 Nb5 45. g4 Nfd6 46. Be2 g6 47. Bf1 h6 48. h4 f5 49. Ke3 g5 50. hxg5 hxg5 51. Bxb5 cxb5 52. Kd4 fxg4 53. fxg4 Nf7 54. Nd3 Kxa6 55. b4 Nd6 56. Kxd5 Nc4 57. Ke4 Nd2+ 58. Kf5 Nf3 59. Ne5 Nd4+ 60. Kxg5 Kb7 61. Kf6 Nc2 62. Nd3 1-0

[Event "Winnipeg op"]
[Site "Winnipeg CAN"]
[Date "1999.06.27"]
[Round "5"]
[White "Sadov, Sergey"]
[Black "Gushuliak, Justin"]
[Result "1/2-1/2"]
[WhiteElo "2060"]
[BlackElo "2055"]
[PlyCount "87"]
[GameId "2160767911743272"]
[EventDate "1999.06.25"]
[EventType "swiss"]
[EventRounds "5"]
[EventCountry "CAN"]

1. e4 c5 2. Nf3 Nc6 3. d4 cxd4 4. Nxd4 Nf6 5. Nc3 d6 6. Be2 g6 7. Be3 Bg7 8. O-O O-O 9. Nb3 a5 10. a4 Be6 11. Nd4 d5 12. exd5 Bxd5 13. Ncb5 e5 14. Nb3 Bxb3 15. cxb3 Qe7 16. Bc4 Rfd8 17. Qe2 Nd5 18. Rad1 Nxe3 19. fxe3 Rxd1 20. Qxd1 Rd8 21. Qf3 Rf8 22. Nc3 Nd8 23. Ne4 Ne6 24. Bxe6 fxe6 25. Qg4 Rxf1+ 26. Kxf1 Qf7+ 27. Qf3 Qc7 28. Ng5 h6 29. Nxe6 Qc1+ 30. Kf2 Qxb2+ 31. Kg3 Qxb3 32. Nxg7 Kxg7 33. Qe4 Kf6 34. Qh4+ Kf7 35. Qxh6 Qc3 36. Qh7+ Kf6 37. Qxb7 Qxe3+ 38. Qf3+ Qxf3+ 39. Kxf3 Ke6 40. Ke4 g5 41. h3 Kf6 42. g3 Ke6 43. h4 gxh4 44. gxh4 1/2-1/2

[Event "Winnipeg op"]
[Site "Winnipeg CAN"]
[Date "1999.06.27"]
[Round "5"]
[White "Xia, Yanchong"]
[Black "Herkert, Dean"]
[Result "1-0"]
[WhiteElo "1696"]
[BlackElo "1824"]
[PlyCount "75"]
[GameId "2160767911743273"]
[EventDate "1999.06.25"]
[EventType "swiss"]
[EventRounds "5"]
[EventCountry "CAN"]

1. e4 Nf6 2. Nc3 d5 3. exd5 Nxd5 4. Bc4 c6 5. Nf3 Be6 6. Bb3 Na6 7. O-O g6 8. Ng5 Nc5 9. Nxe6 Nxc3 10. Nxd8 Nxd1 11. Nxf7 Nxb3 12. axb3 Kxf7 13. Rxd1 Bg7 14. c3 c5 15. d3 Rhd8 16. Be3 b6 17. Kf1 Rd7 18. Ra4 e5 19. Re4 Rad8 20. Ke2 Bf6 21. b4 cxb4 22. Rxb4 Rd5 23. f4 a5 24. Re4 b5 25. fxe5 Bxe5 26. Rf1+ Kg7 27. d4 Bxh2 28. Re7+ Kg8 29. Rff7 Rf5 30. Rxh7 Bd6 31. Rd7 Rxd7 32. Rxd7 Bf4 33. Bxf4 Rxf4 34. Ra7 a4 35. d5 Rf7 36. Rxf7 Kxf7 37. Kd3 g5 38. Kd4 1-0